Decarbonizing the Built World: (Record no. 121397)

MARC details
000 -LEADER
fixed length control field 01272nam a22002537a 4500
008 - FIXED-LENGTH DATA ELEMENTS--GENERAL INFORMATION
fixed length control field 230317s2023 xxu||||| |||| 00| 0 eng d
041 ## - LANGUAGE CODE
Language code of text/sound track or separate title eng
110 ## - MAIN ENTRY--CORPORATE NAME
Corporate author Digital Twin Consortium
245 ## - TITLE STATEMENT
Title Decarbonizing the Built World:
Subtitle a call to action
Medium [Electronic resource]
260 ## - PUBLICATION INFORMATION
Publisher Digital Twin Consortium,
Date 7 March 2023
300 ## - PHYSICAL DESCRIPTION
Physical description 16p.
520 ## - ABSTRACT
Abstract A digital twin is a virtual representation of real-world entities and processes, synchronized at a specified frequency and fidelity. The white paper outlines how building owners and their community of stakeholders can reduce carbon emissions using performance-based digital twins. By doing so, building owners/operators/stakeholders can ensure optimal building performance and sustainability and contribute to net-zero goals.
650 ## - KEYWORDS
Keywords CARBON
651 ## - SUBJECT ADDED ENTRY--GEOGRAPHIC NAME
Geographic name United States
690 ## - BROAD SUBJECT
9 (RLIN) 6238
Broad subject Environment
700 ## - ADDED PERSONAL NAME
Added personal author Turner, John
700 ## - ADDED PERSONAL NAME
Added personal author McLean, Don
700 ## - ADDED PERSONAL NAME
Added personal author Stevenson, Craig
700 ## - ADDED PERSONAL NAME
Added personal author Sawhney, Anil
700 ## - ADDED PERSONAL NAME
Added personal author Eckenrode, Beth
700 ## - ADDED PERSONAL NAME
Added personal author Lukesh, Todd
856 ## - ONLINE RESOURCE
Uniform Resource Identifier <a href="https://www.digitaltwinconsortium.org/wp-content/uploads/sites/3/2023/03/Decarbonizing-the-Built-World-A-Call-to-Action-2023-03-07.pdf">https://www.digitaltwinconsortium.org/wp-content/uploads/sites/3/2023/03/Decarbonizing-the-Built-World-A-Call-to-Action-2023-03-07.pdf</a>
Public note Available online on completion of a download form
942 ## - ADDED ENTRY ELEMENTS (KOHA)
Suppress in OPAC Do not suppress in OPAC
Holdings
Lost status Damaged status Not for loan Home library Current library Shelving location Date acquired Total Checkouts Date last seen Price effective from Koha item type
      Virtual Virtual Online 17/03/2023   17/03/2023 17/03/2023 Online material